000 00823nam a2200253Ia 4500
003 OSt
005 20220918170228.0
006 a|||||r|||| 00| 0
007 ta
008 220917b |||||||| |||| 00| 0 eng d
020 _a978 90 272 3254 0 (pbk)
_c2478.96
024 _a240,321
037 _b1429, 30/07/2009, Channel Publications
_cTextual
040 _aARTS
_cARTS
_beng
041 _2eng
_aeng
082 _aP:3, P9
100 _aT. Givon
_927808
245 0 _aGenesis of syntactic complexity
_b Diachriny, ontogeny, neuro - cognition, evlution
260 _aAmsterdam
_bJohn Benjamins Publishing Company The Netherlands
_c2009
300 _axviii, 366p.
_ccm.
650 _aLINGUISTICS
942 _hP:3, P9
_cTEXL
_2CC
999 _c133197
_d133197